000 00655nam a2200265Ia 4500
001 21081
005 20240114000543.0
007 ta
008 060301s1968 a g b000 u 465 u
020 _cHB
040 _aCotton College,Assam
041 _a465
082 _a534
_bD 545 Es
100 _aDibdin, F.J.H..
245 0 _aEssentials of Sound /
_cF.J.H.Dibdin.
_hTextual Documents
250 _a1st ed. /
260 _aNew York :
_bMacmillan and co ,
_cC1968.
300 _av,168p. :
_bill ;
_c22cm .
504 _aIndex
653 _aSound
653 _aG-Physics
942 _2ddc
_cBK
999 _c21063
_d21063